|
|
|
|
| LEADER |
00893cam a2200349 i 4500 |
| 001 |
000045304 |
| 003 |
4476 |
| 005 |
20030226163351.0 |
| 008 |
010220|1998 vm 000 eng |
| 020 |
|
|
|a 0070429944
|
| 040 |
|
|
|a IRC
|c IRC
|d IRC
|
| 041 |
0 |
|
|a eng
|
| 082 |
1 |
4 |
|a 371.102
|b MO-K
|
| 100 |
1 |
|
|a Moore, Kenneth D.
|
| 245 |
0 |
0 |
|a Classroom teaching skills /
|c Kenneth D. Moore.
|
| 250 |
|
|
|a 4th ed.
|
| 260 |
|
|
|a Boston :
|b McGraw-Hill,
|c 1998.
|
| 300 |
|
|
|a xii, 354p. :
|b ill.
|
| 630 |
0 |
4 |
|a Education.
|
| 630 |
0 |
4 |
|a Teaching.
|
| 650 |
0 |
4 |
|a Teaching
|v Handbooks, manuals, etc.
|
| 650 |
0 |
4 |
|a Classroom management
|v Handbooks, manuals, etc.
|
| OWN |
|
|
|a DUT
|
| 999 |
|
|
|a From the UDN01
|
| TYP |
|
|
|a Monograph
|
| TYP |
|
|
|a Printed language
|
| 980 |
|
|
|a Mạng thư viện Đại học Đà Nẵng
|